Dokedy nám budú vládnuť nekompetentní? činná kompetencia a jej rozhodujúca úloha pre humánny a civilizovaný rozvoj spoločnosti

Uložené v:
Podrobná bibliografia
Hlavný autor: Dudáš, Ján
Médium: Kniha
Jazyk:Slovak
Vydavateľské údaje: Kežmarok TORDEN 2023
Vydanie:1. vydanie
Predmet:
Tagy: Pridať tag
Žiadne tagy, Buďte prvý, kto otaguje tento záznam!

MARC

LEADER 00000nam a2200000 4500
001 0308917
005 20250709133441.9
020 |a 978-80-8223-189-5 
041 0 |a slo 
044 |a SK 
245 1 0 |a Dokedy nám budú vládnuť nekompetentní?  |b činná kompetencia a jej rozhodujúca úloha pre humánny a civilizovaný rozvoj spoločnosti  |c Ján Dudáš 
250 |a 1. vydanie 
264 1 |a Kežmarok  |b TORDEN  |c 2023 
300 |a 312 s. 
610 2 0 |a vláda 
610 2 0 |a voľby 
610 2 0 |a štát 
610 2 0 |a spoločnosť občianska 
610 2 0 |a kompetencie 
610 2 0 |a história 
100 1 |a Dudáš, Ján